|
|
|
|
| LEADER |
00898nam a2200229 a 4500 |
| 001 |
1235282 |
| 008 |
090623s1969 nyu b 001 0 eng d |
| 010 |
|
|
|a 69012134
|
| 040 |
|
|
|a DLC
|c DLC
|d DLC
|
| 082 |
0 |
0 |
|a 658.8/001/86
|
| 100 |
1 |
|
|a Krieger, Murray,
|d 1912-
|
| 245 |
1 |
0 |
|a Decision-making in retailing and marketing.
|
| 260 |
|
|
|a New York,
|b Fairchild Publications
|c [1969]
|
| 300 |
|
|
|a xiii, 334 p.
|c 25 cm.
|
| 500 |
|
|
|a Includes cases culled from Women's wear daily.
|
| 504 |
|
|
|a Bibliography: p. 311-318.
|
| 541 |
1 |
|
|e 00001511
|
| 650 |
|
0 |
|a Marketing
|x Case studies.
|
| 650 |
|
0 |
|a Retail trade
|z United States
|x Case studies.
|
| 852 |
4 |
|
|a Ayesha Abed Library
|j General Shelf.
|
| 999 |
|
|
|c 2055
|d 2055
|
| 952 |
|
|
|0 0
|1 0
|2 ddc
|4 0
|6 658_800186000000000_KRI
|7 0
|9 1890
|a BRACUL
|b BRACUL
|c GEN
|d 2009-07-07
|g 0.00
|l 0
|o 658.800186 KRI
|p 3010001511
|r 2009-07-07
|t 1
|w 2009-07-07
|y BK
|x No price found in the accession register.
|